Statistics for THE Ultimate Harry Potter Surname Game!

Click here to take the quiz!

General Stats

  • This quiz has been taken 62 times
  • The average score is 83 of 110

Answer Stats

HintAnswer% Correct
Sirius, Regulus, Phineas, etcBlack
100%
ArgusFilch
100%
HermioneGranger
100%
AlastorMoody
100%
Harry, Lily, JamesPotter
100%
Ron, Molly, Arthur, etcWeasley
100%
MinervaMcGonagall
98%
PeterPettigrew
98%
SeverusSnape
98%
Nymphadora, Ted, AndromedaTonks
98%
ChoChang
96%
FiliusFlitwick
96%
GodricGryffindor
96%
ViktorKrum
96%
Neville, Alice, Frank, etcLongbottom
96%
Remus, Teddy, Lyall, etcLupin
96%
Draco, Lucuis, Narcissa, etcMalfoy
96%
DoloresUmbridge
96%
Amos, CedricDiggory
94%
Percival, Kendra, Albus, etcDumbledore
94%
Vernon, Dudley, Petunia, MargeDursley
94%
SeamusFinnigan
94%
RubeusHagrid
94%
HelgaHufflepuff
94%
Bellatrix, Rodolphus, LetaLestrange
94%
GilderoyLockhart
94%
Rowena, HelenaRavenclaw
94%
SalazarSlytherin
94%
DeanThomas
94%
LavenderBrown
92%
VincentCrabbe
92%
MundungusFletcher
92%
CorneliusFudge
92%
GregoryGoyle
92%
LeeJordan
92%
Luna, Xenophilius, Pandora, etcLovegood
92%
HoraceSlughorn
92%
HannahAbbot
90%
KatieBell
90%
PenelopeClearwater
90%
Dennis, ColinCreevey
90%
Fleur, Gabrielle, ApollineDelacour
90%
OlympeMaxime
90%
Parvati, PadmaPatil
90%
Tom, Thomas Sr, Mary, etcRiddle
90%
NewtScamander
90%
RitaSkeeter
90%
SybillTrelawney
90%
OliverWood
90%
BathildaBagshot
88%
PansyParkinson
88%
Susan, AmeliaBones
85%
ElphiasDoge
85%
Marvolo, Morfin, MeropeGaunt
85%
FenrirGreyback
85%
GellertGrindelwald
85%
CormacMcLaggen
85%
QuirinusQuirrell
85%
AngelinaJohnson
83%
PomonaSprout
83%
MillicentBulstrode
81%
Alecto, AmycusCarrow
81%
Bartimus Crouch Sr, Bartimus Crouch JrCrouch
81%
ArabellaFigg
81%
PoppyPomfrey
81%
Hepzibah, ZachariasSmith
81%
AliciaSpinnet
81%
LudoBagman
77%
CharityBurbage
77%
DedalusDiggle
77%
AntoninDolohov
77%
RufusScrimgeour
77%
BlaiseZabini
77%
MarcusFlint
75%
StanleyShunpike
75%
TerryBoot
73%
GarrickOllivander
73%
JustinFinch-Fletchley
69%
CuthbertBinns
67%
ErnieMacmillan
67%
FrankBryce
63%
MafaldaHopkirk
63%
WilhelminaGrubbly-Plank
60%
BoderickBode
58%
BerthaJorkins
56%
ReginaldCattermole
54%
SturgisPodmore
54%
TheodoreNott
52%
IrmaPince
52%
EileenPrince
52%
DirkCresswell
50%
AlbertRuncorn
50%
AugustusRookwood
48%
AnthonyGoldstein
46%
WaldenMacnair
46%
BobOgden
46%
EmmilineVance
46%
WilkieTwycross
44%
MyrtleWarren
44%
ErniePrang
40%
CorbanYaxley
38%
GriseldaMarchbanks
31%
KingsleyShaklebolt
29%
PiusThicknese
29%
Monica, WendallWilkins
17%
Ignotus, Cadmus, AntiochPeverall
13%
ElioseMidgeon
10%
MariettaEgdecombe
8%
GrahamMontague
8%
Nicholasde Mimsy Porpinton
2%

Score Distribution

Percentile by Number Answered

Percent of People with Each Score

Your Score History

You have not taken this quiz